Biggest Cities in Afghanistan A-Z - Statistics

General Stats
  • This quiz has been taken 6 times
  • The average score is 4 of 26
Answer Stats
Letter Population City % Correct
K 7,186,590 Kabul
100%
H 880,532 Herat
83%
M 662,157 Mazar-i-Sharif
67%
J 490,685 Jalalabad
50%
X N/A N/A
50%
A 129,220 Andkhoy
0%
B 130,055 Baghlan
0%
C 162,500 Charikar
0%
D 97,118 Darzāb
0%
E 17,550 Eshkashem
0%
F 138,118 Farah
0%
G 219,424 Ghazni
0%
I 110,530 Imām Ṣāhib
0%
L 374,480 Lashkargah
0%
N 75,021 Nahr Shahi
0%
O 45,200 Orgun
0%
P 341,870 Puli Khumri
0%
Q 92,797 Qala-e-Naw
0%
R 93,100 Rostaq
0%
S 281,063 Spin Boldak
0%
T 247,129 Taloqan
0%
U 20,016 Urgun
0%
V 5,036 Vakhshak
0%
W 14,290 Wandian
0%
Y 73,800 Yakawlang
0%
Z 271,662 Zaranj
0%
No matching quizzes found
Score Distribution
Percent of People with Each Score
Percentile by Number Answered
Your Score History
You have not taken this quiz